000 01289nam a2200121Ia 4500
008 220615s9999||||xx |||||||||||||| ||und||
100 _aBertolin, Chiara
245 0 _aPreservation of Cultural Heritage and Resources Threatened by Climate Change
546 _aEnglish[eng]
650 _aCentral America||typical and extreme weather conditions||indoor air quality||climate modelling||mineralogy||adaptation||degradation||decay||exposure tests||mortars||experimental research||preventative conservation||heritage materials||moisture transport||damage functions||wood||medieval buildings||mechanical decay||long-term monitoring||climate change||stable isotopes||mitigation||Norwegian protected buildings||preventive conservation||relative humidity||cultural heritage||built heritage||mitigation actions||salt climatology||conservation||outdoor climate||built cultural heritage weathering||indoor climate||environmental impact||hygrothermal simulation models||surface recession||biomass accumulation||zero status||masonry||Scandinavian countries||?13C||measurements||climate variations||chemical decay||warning report||salt crystallisation||climate change scenarios||?18O||management||depositions on marble||biological decay
856 _uhttps://mdpi.com/books/pdfview/book/1486
942 _cEB
999 _c18702
_d18702